000 00212 a2200097 4500
001 13496
100 _aMatthew M
245 _aLong march to freedom
260 _aLondon
_bHutchinson ltd
_c
090 _c10501
_d10501
942 _aNUST-CAE
_cM
_c561
999 _c248569
_d248569